|
|
|
|
| LEADER |
00000naa2a2200000 4500 |
| 001 |
381246 |
| 005 |
20231101062812.0 |
| 035 |
|
|
|a (RuTPU)RU\TPU\prd\3474
|
| 090 |
|
|
|a 381246
|
| 100 |
|
|
|a 20020425a2002 k y0rusy50 ca
|
| 101 |
0 |
|
|a rus
|
| 102 |
|
|
|a RU
|
| 200 |
1 |
|
|a Микро- и макроскорость роста усталостной трещины в сталях и сплавах под влиянием закрытия трещины
|f И. С. Пиняк
|
| 225 |
1 |
|
|a Научно-технический раздел
|
| 320 |
|
|
|a Библиогр.: 32 назв.
|
| 461 |
|
1 |
|0 (RuTPU)RU\TPU\prd\1695
|x 0556-171X
|t Проблемы прочности
|l Strength of Materials
|o научно-технический журнал
|f Национальная академия наук Украины (НАНУ, НАН Украины), Институт проблем прочности им. Г. С. Писаренко (ИПП)
|d 1969-
|
| 463 |
|
1 |
|0 (RuTPU)RU\TPU\prd\2700
|t № 1
|v С. 88-101
|d 2002
|
| 610 |
1 |
|
|a усталостные трещины
|
| 610 |
1 |
|
|a плато
|
| 610 |
1 |
|
|a шаг бороздки
|
| 610 |
1 |
|
|a закрытие трещины
|
| 610 |
1 |
|
|a асимметрия цикла
|
| 610 |
1 |
|
|a рост
|
| 610 |
1 |
|
|a макроскорость
|
| 610 |
1 |
|
|a микроскорость
|
| 700 |
|
1 |
|a Пиняк
|b И. С.
|
| 712 |
0 |
2 |
|a Институт проблем прочности НАН Украины
|e Киев
|
| 801 |
|
1 |
|a RU
|b 63413507
|c 20020425
|g PSBO
|
| 801 |
|
2 |
|a RU
|b 63413507
|c 20151103
|g PSBO
|
| 942 |
|
|
|c BK
|